Data protection and reopening the property market: (Record no. 121782)

MARC details
000 -LEADER
fixed length control field 00927nam a22001937a 4500
008 - FIXED-LENGTH DATA ELEMENTS--GENERAL INFORMATION
fixed length control field 240129t2020 xxk|||||o|||| 00| 0 eng d
041 ## - LANGUAGE CODE
Language code of text/sound track or separate title eng
110 ## - MAIN ENTRY--CORPORATE NAME
Corporate author Royal Institution of Chartered Surveyors
245 ## - TITLE STATEMENT
Title Data protection and reopening the property market:
Subtitle Beyond Covid-19
Medium [Electronic resource]
260 ## - PUBLICATION INFORMATION
Place of publication London,
Publisher Royal Institution of Chartered Surveyors,
Date 27 May 2020
300 ## - PHYSICAL DESCRIPTION
Physical description 9p.
520 ## - ABSTRACT
Abstract After consulting with the Information Commissioner's Office, RICS provided advice for firms, which advised that different legal bases would apply for staff data and home-occupier data.
650 ## - KEYWORDS
Keywords DATA PRIVACY
650 ## - KEYWORDS
Keywords COVID-19
651 ## - SUBJECT ADDED ENTRY--GEOGRAPHIC NAME
Geographic name United Kingdom
710 ## - ADDED CORPORATE NAME
Added corporate author Royal Institution of Chartered Surveyors
856 ## - ONLINE RESOURCE
Uniform Resource Identifier <a href="https://www.rics.org/content/dam/ricsglobal/documents/standards/covid_19_data_protection_and_reopening_the_property_market.pdf">https://www.rics.org/content/dam/ricsglobal/documents/standards/covid_19_data_protection_and_reopening_the_property_market.pdf</a>
Public note Available free on RICS.org
942 ## - ADDED ENTRY ELEMENTS (KOHA)
Suppress in OPAC Do not suppress in OPAC
Holdings
Lost status Damaged status Not for loan Current library Shelving location Date acquired Total Checkouts Full call number Date last seen Price effective from Koha item type
      Virtual Online 29/01/2024   ONLINE PUBLICATION 29/01/2024 29/01/2024 Online material